|
|
|
|
| LEADER |
00000nab a2200000 a 4500 |
| 001 |
vtls000805746 |
| 003 |
SK-MaSNL |
| 005 |
20260303215909.0 |
| 008 |
040806c2002 xo 0 slo |
| 015 |
|
|
|a SNBRB2002/09-27603
|
| 035 |
|
|
|a CLN000157401
|
| 040 |
|
|
|a SNKBUCL
|b slo
|c SNKBUCL
|e AACR2
|
| 041 |
0 |
|
|a slo
|
| 044 |
|
|
|a xo
|c SK
|
| 080 |
|
|
|a 78.071.1/.2(048):784.66
|2 UDC-MRF-SK2
|
| 080 |
|
|
|a 784.66
|2 UDC-MRF-SK2
|
| 100 |
1 |
|
|a Gajdoš, Martin,
|d 1976-
|4 aut
|9 107655
|
| 245 |
1 |
0 |
|a My o Jarovi-
|c Martin Gajdoš
|
| 600 |
1 |
7 |
|a Filip, Jaroslav,
|d 1949-2000
|2 snkbucl
|9 98589
|
| 650 |
0 |
7 |
|a biografia
|2 snkbucl
|9 71085
|
| 655 |
|
7 |
|a recenzie
|2 snkbucl
|9 21907
|
| 655 |
|
7 |
|a články z novín a časopisov
|2 snkbucl
|9 267496
|
| 773 |
0 |
|
|x 1210-1982
|t Knižná revue
|g Roč. 12, č. 16-17 (2002), s. 5
|
| 787 |
0 |
8 |
|i Rec.:
|a Jaslovský, Marián, 1963-
|t Jaro Filip
|d Bratislava : Slovart, 2002
|
| 850 |
|
|
|a Slovenská národná knižnica v Martine
|
| 852 |
|
|
|a SNK
|b KIS3GCP
|
| 958 |
|
|
|a RC
|
| 958 |
|
|
|a BX
|
| 999 |
|
|
|c 2223901
|d 2225831
|